000 00715nam a22002297a 4500
005 20170124110056.0
010 _aA-933688
020 _c125.00
_a8120311833
035 _aA-933688
037 _bCen Lib/Ret
040 _aDPL
_bEN
082 _a658.3
_bMCG
100 _aMcGrath, E.H.
_915525
245 _aTraining for life and leadership in industry /
_cby E.H.McGrath
250 _a4th ed
260 _aNew Delhi
_bPrentice Hall Of India Private Limited
_c1997
270 _aM-97, Connaught Circus
_bNew Delhi
_e110001
300 _avi,432p. :
_c20cm(Hb)
_bill.
650 _aCareer development
_925994
650 _aWork -- Psychological aspects
_924966
942 _2ddc
_cEN
_h658.3
_mMCG
999 _c129459
_d129459